Συμπεριφορά Καταναλωτή και Στρατηγική Μαρκετινγκ / 2η 'Εκδοση (Record no. 2782)
[ view plain ]
| 000 -LEADER | |
|---|---|
| fixed length control field | 01787cam a22002054a 4500 |
| 005 - ΗΜΕΡΟΜΗΝΙΑ ΚΑΙ ΩΡΑ ΤΕΛΕΥΤΑΙΑΣ ΕΝΗΜΕΡΩΣΗΣ | |
| Πεδίο ελέγχου | 20250605163340.0 |
| 008 - FIXED-LENGTH DATA ELEMENTS--GENERAL INFORMATION | |
| Πεδίο ελέγχου σταθερού μήκους | 250528s ||||||||||||||||||||||||d |
| 035 ## - SYSTEM CONTROL NUMBER | |
| System control number | 17357 |
| 020 ## - ISBN | |
| ISBN | 9603513903 |
| 040 ## - ΠΗΓΗ ΚΑΤΑΛΟΓΟΓΡΑΦΗΣΗΣ | |
| Φορέας πρωτότυπης καταλογογράφησης | MC Athens Campus Library |
| Γλώσσα καταλογογράφησης | Ελληνικά, Μοντέρνα (1453-) |
| Modifying agency | MC Athens Campus Library |
| Κανόνες περιγραφικής καταλογογράφησης | AACR2 |
| 245 1# - ΤΙΤΛΟΣ ΚΑΙ ΔΗΛΩΣΗ ΥΠΕΥΘΥΝΟΤΗΤΑΣ | |
| Τίτλος | Συμπεριφορά Καταναλωτή και Στρατηγική Μαρκετινγκ / 2η 'Εκδοση |
| 250 ## - EDITION STATEMENT | |
| Edition statement | 2η |
| 260 ## - PUBLICATION, DISTRIBUTION, ETC. | |
| Name of publisher, distributor, etc. | Σταμούλης Α, |
| Date of publication, distribution, etc. | 2002 |
| 300 ## - PHYSICAL DESCRIPTION | |
| Extent | 836 |
| 520 ## - SUMMARY, ETC. | |
| Summary, etc. | Εισαγωγή στη Συμπεριφορά του Καταναλωτή, Διαδικασία Λήψης Αποφάσεων Καταναλωτή, Υποδείγματα Συμπεριφοράς Καταναλωτή και Λήψης Αποφάσεων, Αντίληψη Καταναλωτή και Στρατηγική Μάρκετινγκ, Ανάμιξη και Μάθηση και Προσήλωση Καταναλωτή, Σχηματισμός και Μέτρηση και Αλλαγή Στάσεων, Δημογραφικά Χαρακτηριστικά Καταναλωτή, Ψυχογραφικά Χαρακτηριστικά Καταναλωτή, Παράρτημα Εφαρμογής RISC, Τμηματοποίηση Αγοράς και Τποθέτηση Προιόντος, Έρευνα Συμπεριφοράς Καταναλωτή, Επιδράσεις Ομάδων και Ομάδες Αναφοράς, Επιδράσεις Περίστασης, Επικοινωνίες Μάρκετινγκ και Διαφήμιση, Συμπεριφορά Βιομηχανικού Αγοραστή, Καταναλωτής και Δημόσια Πολιτική, Βιβλιογραφία και Πηγές. |
| 700 1# - ΠΡΟΣΘΕΤΗ ΑΝΑΓΡΑΦΗ--ΦΥΣΙΚΟ ΠΡΟΣΩΠΟ | |
| Personal name | Σιώμκος Γεώργιος Ι |
| 942 ## - ADDED ENTRY ELEMENTS (KOHA) | |
| Koha item type | Books |
| Τύπος τεκμηρίου | Βιβλιοθήκη | Τρέχουσα τοποθεσία | Barcode | Αριθμός εισαγωγής | Ημερομηνία απόκτησης | Ταξιθετικό σύμβολο | Αριθμός αντιτύπου | Κατάσταση απόσυρσης | Κατάσταση χαμένου | Κατάσταση κατεστραμμένου | Μη δανεισμός | Σύνολο δανεισμών | Ημερομηνία τελευταίας εμφάνισης | Η τιμή ισχύει από |
|---|---|---|---|---|---|---|---|---|---|---|---|---|---|---|
| Books | MC Athens Campus Library | MC Athens Campus Library | 9780000027818 | 1045 | 05/06/2025 | 658.8342 SIO | 1 | 05/06/2025 | 05/06/2025 |